| 000 | 01103nam a2200265 i 4500 | ||
|---|---|---|---|
| 001 | 173224 | ||
| 003 | ES-MaACL | ||
| 005 | 20250628044158.0 | ||
| 008 | 091119s1983 ck f |||| | spa d | ||
| 080 | _a308(861.22 Palenque de S. Basilio) | ||
| 080 | _a811.134.2'282(861.22 San Basilio del Palenque) | ||
| 100 | 1 |
_aFriedemann, Nina S. de. _9162826 _eaut |
|
| 245 | 1 | 0 |
_aLengua y sociedad en el palenque de San Basilio / _cNina S. de Friedemann, Carlos Patiño Rosselli. |
| 260 |
_aBogotá : _bInstituto Caro y Cuervo, _c1983. |
||
| 300 |
_a300 páginas, XXVIII hojas de láminas ; _c23 cm. |
||
| 490 | 1 |
_aPublicaciones del Instituto Caro y Cuervo ; _v66 |
|
| 650 | 7 |
_aDialectos criollos españoles. _9162794 |
|
| 651 | 7 |
_aSan Basilio del Palenque- _xSituación social. _9162827 |
|
| 700 | 1 |
_aPatiño Rosselli, Carlos. _9162818 _eaut |
|
| 710 | 2 |
_aInstituto Caro y Cuervo. _94806 _eedt |
|
| 830 | 0 |
_aPublicaciones del Instituto Caro y Cuervo ; _v66 _9177445 |
|
| 852 |
_aES-MaACL _cDEPO2 _hDonat. herederos José Prat _jC-57050 |
||
| 942 |
_2udc _cMONOGRAFIA _n0 |
||
| 999 |
_c173224 _d173224 |
||